Report on the fixation of raw rubber prices, Bombay 1967 (Record no. 21121)

MARC details
000 -LEADER
fixed length control field 00357nam a2200121Ia 4500
082 ## - DEWEY DECIMAL CLASSIFICATION NUMBER
Classification number NR:336(047)1967
Item number IND
245 #0 - TITLE STATEMENT
Title Report on the fixation of raw rubber prices, Bombay 1967
260 ## - PUBLICATION, DISTRIBUTION, ETC. (IMPRINT)
Place of publication Delhi
Name of publisher Manager of Publications
Year of publication 1968
650 ## - SUBJECT ADDED ENTRY--TOPICAL TERM
Topical Term Raw rubber price
650 ## - SUBJECT ADDED ENTRY--TOPICAL TERM
Topical Term Tariff commission
942 ## - ADDED ENTRY ELEMENTS (KOHA)
Koha item type Books
Holdings
Withdrawn status Lost status Damaged status Not for loan Home library Current library Date acquired Cost, normal purchase price Full call number Accession Number Koha item type
        RRII Library RRII Library 16/12/2021 11.50 NR:336(047)1967 IND 01843 Books